000 00430nam a2200169Ia 4500
001 59368
008 151210n ii |||gr||||Z||||||465
020 _a978-81-203-4508-9
082 _a549
100 _aPerkins,
_eDexter.
245 0 _aMineralogy
_cDexter Perkins
_hTextual Documents
260 _aDelhi
_bPHI Learning Private Ltd
300 _a494p:
_c24cm.
653 _aMineralogy
653 _aDept - Geol
942 _2ddc
_cBK
999 _c59247
_d59247